Cấu tạo bê tông cốt thép

Đã lưu trong:
书目详细资料
主要作者: Công ty tư vấn xây dựng dân dụng Việt Nam - Bộ Xây dựng
格式: 图书
语言:Vietnamese
出版: Xây dựng 2014
主题:
标签: 添加标签
没有标签, 成为第一个标记此记录!
Thư viện lưu trữ: Mạng thư viện Đại học Đà Nẵng
LEADER 01044nam a2200313 a 4500
001 000003068
003 03211
005 20171229145311.0
008 171229s2014 vie
040 |a LSK 
041 0 |a VIE 
082 0 |a 624.18341  |b CÔN 
100 1 |a Công ty tư vấn xây dựng dân dụng Việt Nam - Bộ Xây dựng 
245 0 0 |a Cấu tạo bê tông cốt thép 
260 |b Xây dựng  |c 2014 
300 |a 161 pages  |c 27 cm. 
653 |a Bê tông cốt thép - Cấu tạo 
852 |a Phòng Đọc - Phòng Mượn 
901 |a 5 
927 |a Sách tham khảo 
OWN |a LSK 
AVA |a UDN50  |b LSK  |d 624.18341 CÔN  |e available  |t Error 5001 Not defined in file expand_doc_bib_avail.  |f 5  |g 0  |h N  |i 3  |k 1 
999 |a From the UDN01 
AVA |a UDN50  |b LSK  |d 624.18341 CÔN  |e available  |t Error 5001 Not defined in file expand_doc_bib_avail.  |f 5  |g 0  |h N  |i 3  |k 1 
TYP |a Monograph 
TYP |a Printed language 
980 |a Mạng thư viện Đại học Đà Nẵng